|
|
|
|
| LEADER |
01035nam a22002657a 4500 |
| 001 |
32285 |
| 003 |
BD-DhAAL |
| 005 |
20171120114609.0 |
| 008 |
171120s2017 ii ||||| b||| 001 0 eng d |
| 999 |
|
|
|c 38581
|d 38581
|
| 020 |
|
|
|a 9789849267119
|
| 040 |
|
|
|a BD-DhAAL
|
| 082 |
|
|
|2 22
|a 330.915492
|
| 100 |
|
|
|a Lomborg, Bjorn
|9 23783
|
| 245 |
|
|
|a Bangladesh priorities,
|n volume ii :
|b helping vision 2021 a reality /
|c Bjron Lomborg, Mahfuzar Rahman
|
| 260 |
|
|
|a Kolkata :
|b A H Development Publishing House,
|c 2017
|
| 300 |
|
|
|a 1241 pages :
|b illustrations ;
|c 22 cm.
|
| 504 |
|
|
|a Includes bibliographical references (pages 1223-1224) and index.
|
| 526 |
|
|
|a AAL
|
| 541 |
|
|
|a Complementary copy.
|e 32285
|
| 650 |
|
|
|a Economic
|x conditions of Bangladesh
|9 23784
|
| 700 |
|
|
|a Rahman, Mahfuzar
|9 23785
|
| 852 |
|
|
|a Ayesha Abed Library
|c General Stacks
|
| 942 |
|
|
|2 ddc
|c BK
|
| 952 |
|
|
|0 0
|1 0
|2 ddc
|4 0
|6 330_915492000000000_LOM
|7 0
|9 61894
|a BRACUL
|b BRACUL
|c GEN
|d 2017-11-20
|e Complementary copy
|l 0
|o 330.915492 LOM
|p 3010032285
|r 2017-11-20
|t 1
|w 2017-11-20
|y BK
|